<?xml version="1.0" encoding="UTF-8"?>
<record
    xmlns:xsi="http://www.w3.org/2001/XMLSchema-instance"
    xsi:schemaLocation="http://www.loc.gov/MARC21/slim http://www.loc.gov/standards/marcxml/schema/MARC21slim.xsd"
    xmlns="http://www.loc.gov/MARC21/slim">

  <leader>00690nam a2200169Ia 4500</leader>
  <controlfield tag="008">090711s9999    xx            000 0 und d</controlfield>
  <datafield tag="082" ind1=" " ind2=" ">
    <subfield code="b">47720</subfield>
  </datafield>
  <datafield tag="100" ind1=" " ind2=" ">
    <subfield code="a">&#x92A;&#x93E;&#x91F;&#x923;&#x915;&#x930; &#x91C;&#x940;. &#x90F;&#x938;.</subfield>
  </datafield>
  <datafield tag="245" ind1=" " ind2=" ">
    <subfield code="a">&#x936;&#x947;&#x924;&#x915;&#x931;&#x94D;&#x92F;&#x93E;&#x902;S&#x94B; &#x91C;&#x94B;&#x921; &#x927;&#x902;&#x926;&#x947; (&#x92D;&#x93E;&#x917; &#x92A;&#x939;&#x93F;&#x932;&#x93E;)</subfield>
  </datafield>
  <datafield tag="260" ind1=" " ind2=" ">
    <subfield code="b">&#x915;&#x947;&#x936;&#x935; &#x92D;&#x93F;&#x915;&#x93E;&#x91C;&#x940; &#x922;&#x935;&#x933;&#x947;</subfield>
    <subfield code="c">1980</subfield>
  </datafield>
  <datafield tag="300" ind1=" " ind2=" ">
    <subfield code="a">160</subfield>
  </datafield>
  <datafield tag="600" ind1=" " ind2=" ">
    <subfield code="a">&#x92A;&#x93E;&#x91F;&#x923;&#x915;&#x930; &#x91C;&#x940;. &#x90F;&#x938;.</subfield>
  </datafield>
  <datafield tag="630" ind1=" " ind2=" ">
    <subfield code="a">&#x936;&#x947;&#x924;&#x915;&#x931;&#x94D;&#x92F;&#x93E;&#x902;S&#x94B; &#x91C;&#x94B;&#x921; &#x927;&#x902;&#x926;&#x947; (&#x92D;&#x93E;&#x917; &#x92A;&#x939;&#x93F;&#x932;&#x93E;)</subfield>
  </datafield>
  <datafield tag="700" ind1=" " ind2=" ">
    <subfield code="a">&#x92A;&#x93E;&#x91F;&#x923;&#x915;&#x930; &#x91C;&#x940;. &#x90F;&#x938;.</subfield>
  </datafield>
  <datafield tag="730" ind1=" " ind2=" ">
    <subfield code="a">&#x936;&#x947;&#x924;&#x915;&#x931;&#x94D;&#x92F;&#x93E;&#x902;S&#x94B; &#x91C;&#x94B;&#x921; &#x927;&#x902;&#x926;&#x947; (&#x92D;&#x93E;&#x917; &#x92A;&#x939;&#x93F;&#x932;&#x93E;)</subfield>
  </datafield>
  <datafield tag="942" ind1=" " ind2=" ">
    <subfield code="c">BOOK</subfield>
  </datafield>
  <datafield tag="999" ind1=" " ind2=" ">
    <subfield code="c">328944</subfield>
    <subfield code="d">328944</subfield>
  </datafield>
  <datafield tag="952" ind1=" " ind2=" ">
    <subfield code="0">0</subfield>
    <subfield code="1">0</subfield>
    <subfield code="4">0</subfield>
    <subfield code="7">0</subfield>
    <subfield code="a">DASAVA</subfield>
    <subfield code="b">DASAVA</subfield>
    <subfield code="d">2009-07-11</subfield>
    <subfield code="g">10.00</subfield>
    <subfield code="l">0</subfield>
    <subfield code="o">47720</subfield>
    <subfield code="p">DASAVA-47720</subfield>
    <subfield code="r">2009-07-11 00:00:00</subfield>
    <subfield code="v">10.00</subfield>
    <subfield code="w">2009-07-11</subfield>
    <subfield code="y">BOOK</subfield>
  </datafield>
</record>
